Normal view
MARC view
- Gorki, Maksim,
Entry Nombre Personal
001 - NUMERO DE CONTROL
- campo de control: 27916
003 - IDENTIFICADOR DE NUMERO DE CONTROL
- campo de control: UPN
005 - FECHA Y HORA DE LA ÜLTIMA TRANSACCIÓN
- campo de control: 20220621171856.0
008 - DATOS DE LONGITUD FIJA
- campo de control de longitud fija: nabaccnnaabn|||||||||| b |nc|||||d
035 ## - NUMERO DE CONTROL
- Número de control: UPN11000000022
040 ## - FUENTE DE CATALOGACIÓN
- Lenguaje de catalogación: SPA
- Agencia de transcripción: UPN
053 #4 - NÚMERO DE CLASIFICACIÓN LC
- Número de clasificación elemento-número único o número inicial de tramo: PG3462
100 1# - ENCABEZAMIENTO - NOMBRE PERSONAL
- Nombre personal: Gorki, Maksim,
- Fechas asociadas con el nombre: 1868-1936
400 1# - VEÁSE - NOMBRE DE PERSONA
- Personal name: Gorky, Máximo,
- Dates associated with a name: 1868-1936
400 1# - VEÁSE - NOMBRE DE PERSONA
- Personal name: Aleksej Maksimovic Peskov,
- Dates associated with a name: 1868-1936
400 1# - VEÁSE - NOMBRE DE PERSONA
- Personal name: Aleksey Maksimovich Peshkov,
- Numeration: 1868-1936
400 1# - VEÁSE - NOMBRE DE PERSONA
- Personal name: Gorki, Maxim,
- Numeration: 1868-1936
670 ## - FUENTE EN LA QUE SE LOCALIZARON DATOS
- Cita de la fuente: T
- Información localizada: Salvat universal
680 ## - NOTA PUBLICA DE ACCESO PÚBLICO
- Frase explicativa de la referencia: Escritor ruso
902 ## - CATALOGADOR
- Catalogador: MEEG/161006
